00911cam a22002651i 450000100060000000300080000600500170001400800410003103500200007203500180009204000560011004100130016608200180017910000310019724500960022825000350032426000480035930000270040750000980043450400190053265000260055165000120057765000150058970000410060417341BD-RjUL20211209000126.0140216r19641929enk 001 0 eng d a(BD-RjUL) 17399 a(OCoLC)970332 aDLCcOClUdOCoLCdOYUdODaWUdWUdDLCdBD-RjULbeng1 aenghger00a121bKAI 19641 aKant, Immanueld1724-1804.10aImmanuel Kant's Critique of pure reason /cImmanuel Kant ; Translated by Norman Kemp Smith. a2nd Impression With correction aLondon :bMacmillan,c1933 [Reprinted 1964] axiii, 681 p. ;c23 cm. aContains a reproduction of the t.-p. of the first German edition 1781, and of 2. Aufl., 1787. aIncludes Index 0aKnowledge, Theory of. 0aReason. 0aCausation.1 aSmith, Norman Kemp,d1872-1958.etr.